Normal view
MARC view
Entry Topical Term
001 - CONTROL NUMBER
- control field: 31169
003 - CONTROL NUMBER IDENTIFIER
- control field: ARRUPE
005 - DATE AND TIME OF LATEST TRANSACTION
- control field: 20170529092958.0
008 - FIXED-LENGTH DATA ELEMENTS
- fixed length control field: 170529|| aca||aabn | a|a d
040 ## - CATALOGING SOURCE
- Original cataloging agency: ARRUPE
- Transcribing agency: ARRUPE
150 ## - HEADING--TOPICAL TERM
- Topical term or geographic name as entry element: African Americans
- General subdivision: Race identity
670 ## - SOURCE DATA FOUND
- Source citation: Work cat.: (ARRUPE)66496: Marimba, Dona 31168, Let the circle be unbroken, 1986